000 00505nam a22001697a 4500
999 _c8925
_d8925
008 210305b ||||| |||| 00| 0 eng d
040 _aBMS College of Architecture
100 _aMathews, Anna
245 _aBotique winery at kanva
300 _a55p.
500 _a1BM08AT005
502 _8B.Arch
_NBMS College of Architecture, Visvesvaraya Technological University (VTU)
_aProject Report
_d2013
650 _aKanva
700 _aVaseem A S
_eGuide
700 _aSathish S Rao
_eGuide
942 _2ddc
_cTHE